Normal view
MARC view
- Eichhorn, Maren
Entry Personal Name
001 - CONTROL NUMBER
- control field: 120971
003 - CONTROL NUMBER IDENTIFIER
- control field: NUST
005 - DATE AND TIME OF LATEST TRANSACTION
- control field: 20240221101451.0
008 - FIXED-LENGTH DATA ELEMENTS
- fixed length control field: 240221|| aca||aabn | a|a d
040 ## - CATALOGING SOURCE
- Original cataloging agency: NUST
- Transcribing agency: NUST
100 ## - HEADING--PERSONAL NAME
- Personal name: Eichhorn, Maren
670 ## - SOURCE DATA FOUND
- Source citation: Work cat.: (NUST): 25,000 years of jewelry :, 2015.
